000 01105cam a22002894a 4500
001 15412310
003 OSt
005 20230915161728.0
008 080814s2009 ilua 000 0 eng
010 _a 2008035438
020 _a9780736073868 (soft cover)
020 _a0736073868 (soft cover)
040 _aDLC
_cDLC
_dDLC
050 0 0 _aGV943.9.T7
_bM315 2009
082 0 0 _a796.334
_222
100 1 _aMatkovich, Michael J.
_99492
245 1 0 _aElite soccer drills /
_cMichael J. Matkovich with Jason Davis.
260 _aChampaign, IL :
_bHuman Kinetics,
_cc2009.
300 _axix, 185 p. :
_bill. ;
_c26 cm.
500 _a"83 advance drills for individual and team play" --cover.
650 0 _aSoccer
_xTraining.
700 1 _aDavis, Jason,
_d1973-
856 4 1 _3Table of contents only
_uhttp://www.loc.gov/catdir/toc/ecip0825/2008035438.html
906 _a7
_bcbc
_corignew
_d1
_eecip
_f20
_gy-gencatlg
942 _2ddc
_cBK
_h796.334
_iMAT/E
_k796.334
_mMAT/E
999 _c42467
_d42467